|
|
|
|
| LEADER |
00000nab a2200000 a 4500 |
| 001 |
vtls000400178 |
| 003 |
SK-MaSNL |
| 005 |
20260318132724.0 |
| 008 |
160215c1990 xo 0 hun |
| 015 |
|
|
|a SNBRB19rr/mm-uuuuu
|
| 035 |
|
|
|a CL0400302
|
| 040 |
|
|
|a SNKBUCL
|b slo
|c SNKBUCL
|e AACR2
|
| 041 |
0 |
|
|a slo
|
| 044 |
|
|
|a xo
|c SK
|
| 080 |
|
|
|a 82:929:885.4=945.11
|2 1981
|
| 080 |
|
|
|a 929
|2 1981
|
| 080 |
|
|
|a 885.4=945.11
|2 1981
|
| 080 |
|
|
|a 885.4
|2 1981
|
| 080 |
|
|
|a 929 Miko, František
|2 1981
|
| 100 |
1 |
|
|a Zeman, László,
|d 1928-2019
|4 aut
|9 231844
|
| 245 |
1 |
0 |
|a A líra vonzatai
|b František Miko 75 éves
|c László Zeman ; František Miko
|
| 600 |
1 |
7 |
|a Miko, František,
|d 1920-2010,
|2 snkbucl
|9 198912
|
| 600 |
1 |
7 |
|a Miko, František,
|d 1920-2010
|2 snkbucl
|9 198912
|
| 655 |
|
7 |
|a články z novín a časopisov
|2 snkbucl
|9 267496
|
| 655 |
|
7 |
|a články z odboru literárna veda a krásna literatúra
|2 snkbucl
|9 770045
|
| 773 |
0 |
|
|t Irodalmi szemle
|g Roč. 33, č. 4 (1990), s. 437-443
|
| 850 |
|
|
|a Slovenská národná knižnica v Martine
|a MTA001
|
| 852 |
|
|
|a SNK
|b KIS3GCP
|
| 958 |
|
|
|a BX
|
| 958 |
|
|
|a RK
|
| 958 |
|
|
|a LX
|
| 992 |
|
|
|a RBX
|
| 999 |
|
|
|c 2148935
|d 2150865
|